2020s albums - Statistics

General Stats
  • This quiz has been taken 15 times
  • The average score is 40 of 60
Answer Stats
year artists/band name % Correct
2024 Beyoncé COWBOY CARTER
93%
2022 Beyoncé RENAISSANCE
93%
2024 Billie Eilish HIT ME HARD AND SOFT
93%
2021 Billie Eilish Happier Than Ever
93%
2024 Taylor Swift THE TORTURED POETS DEPARTMENT
93%
2022 Taylor Swift Midnights
93%
2020 Taylor Swift evermore
93%
2020 Taylor Swift folklore
93%
2024 Ariana Grande eternal sunshine
86%
2020 Ariana Grande Positions
86%
2024 Charli xcx BRAT
86%
2022 Charli xcx CRASH
86%
2020 Charli xcx how i'm feeling now
86%
2020 Dua Lipa Future Nostalgia
86%
2025 Lady Gaga MAYHEM
86%
2020 Lady Gaga Chromatica
86%
2023 Olivia Rodrigo GUTS
86%
2021 Olivia Rodrigo SOUR
86%
2024 Sabrina Carpenter Short 'n Sweet
86%
2022 Sabrina Carpenter emails i can't send
86%
2024 Camila Cabello C,XOXO
79%
2022 Camila Cabello Familia
79%
2022 Christina Aguilera AGUILERA
79%
2023 Doja Cat Scarlet
79%
2021 Doja Cat Planet Her
79%
2025 The Weeknd Hurry Up Tomorrow
79%
2022 The Weeknd Dawn FM
79%
2020 The Weeknd After Hours
79%
2025 Bad Bunny Debí Tirar Más Fotos
71%
2023 Ed Sheeran -
71%
2021 Ed Sheeran =
71%
2023 Miley Cyrus Endless Summer Vacation
71%
2020 Miley Cyrus Plastic Hearts
71%
2024 Shawn Mendes Shawn
71%
2020 Shawn Mendes Wonder
71%
2022 SZA SOS
71%
2021 Adele 30
64%
2024 Katy Perry 143
64%
2020 Katy Perry Smile
64%
2021 Lana Del Rey Blue Banisters
64%
2021 Lana Del Rey Chemtrails Over The Country Club
64%
2025 Tate McRae So Close To What
57%
2023 Tate McRae THINK LATER
57%
2022 Tate McRae i used to think i could fly
57%
2025 Mac Miller Balloonerism
50%
2025 ROSÉ rosie
50%
2023 Bebe Rexha Bebe
43%
2023 Sam Smith Gloria
43%
2023 Ava Max Diamonds & Dancefloors
36%
2022 Eminem Curtain Call 2
36%
2025 JENNIE RUBY
36%
2023 P!nk TRUSTFALL
36%
2025 Selena Gomez, benny blanco I Said I Love You First
36%
2025 Teddy Swims I've Tried Everything but Therapy (Part 2)
36%
2025 LISA Alter Ego
29%
2024 Zara Larsson VENUS
29%
2021 Zara Larsson Poster Girl
29%
2023 Anne-Marie UNHEALTHY
14%
2021 Anne-Marie Therapy
14%
2021 Silk Sonic, Bruno Mars An Evening with Silk Sonic
14%
No matching quizzes found
Score Distribution
Percent of People with Each Score
Percentile by Number Answered
Your Score History
You have not taken this quiz